Модуль первичной обработки сигналов для физической установки ТОКАМАК "КТМ"; Современные техника и технологии; Т. 1

Detalles Bibliográficos
Parent link:Современные техника и технологии: 14 Международная научно-практическая конференция студентов, аспирантов и молодых ученых, г. Томск, 24-28 марта 2008 г./ Томский политехнический университет (ТПУ).— , 2008
Т. 1.— 2008.— С. 176-177
Autor principal: Меркулов С. В. Степан Вадимович
Otros Autores: Ким В. Л. Валерий Львович, Обходский А. В. Артем Викторович
Lenguaje:ruso
Publicado: 2008
Materias:
Formato: Capítulo de libro
KOHA link:https://koha.lib.tpu.ru/cgi-bin/koha/opac-detail.pl?biblionumber=148464

MARC

LEADER 00000naa2a2200000 4500
001 148464
005 20240119134827.0
035 |a (RuTPU)RU\TPU\book\160944 
090 |a 148464 
100 |a 20081202d2008 k y0rusy50 ca 
101 0 |a rus 
102 |a RU 
200 1 |a Модуль первичной обработки сигналов для физической установки ТОКАМАК "КТМ"  |f С. В. Меркулов, В. Л. Ким, А. В. Обходский 
320 |a Библиогр.: 4 назв. 
461 1 |0 (RuTPU)RU\TPU\book\156858  |t Современные техника и технологии  |o 14 Международная научно-практическая конференция студентов, аспирантов и молодых ученых, г. Томск, 24-28 марта 2008 г.  |o труды  |o в 3 т.  |f Томский политехнический университет (ТПУ)  |d 2008 
463 0 |0 (RuTPU)RU\TPU\book\155176  |t Т. 1  |v С. 176-177  |d 2008  |p 538 с. 
610 1 |a сигналы 
610 1 |a физические установки 
610 1 |a ТОКАМАКИ 
610 1 |a труды учёных ТПУ 
610 1 |a обработка 
700 1 |a Меркулов  |b С. В.  |c российский специалист в области электроники и автоматики физических установок  |c инженер-проектировщик Томского политехнического университета  |f 1977-  |g Степан Вадимович  |3 (RuTPU)RU\TPU\pers\28156 
701 1 |a Ким  |b В. Л.  |c специалист в области информатики и вычислительной техники  |c профессор Томского политехнического университета, доктор технических наук  |f 1950-  |g Валерий Львович  |3 (RuTPU)RU\TPU\pers\26478  |9 12180 
701 1 |a Обходский  |b А. В.  |c специалист в области атомной энергетики  |c доцент Томского политехнического университета, кандидат технических наук  |f 1982-  |g Артем Викторович  |3 (RuTPU)RU\TPU\pers\27571 
801 1 |a RU  |b 63413507  |c 20081202  |g PSBO 
801 2 |a RU  |b 63413507  |c 20180911  |g RCR 
942 |c BK